El maestro Castán / (Record no. 14099)

MARC details
000 -LEADER
campo de control de longitud fija 00916nam a2200253 i 4500
001 - NÚMERO DE CONTROL
campo de control 14099
003 - IDENTIFICADOR DE NÚMERO DE CONTROL
campo de control ES-MaACL
005 - FECHA Y HORA DE LA ÚLTIMA TRANSACCIÓN
campo de control 20231228062635.0
007 - CAMPO FIJO DE DESCRIPCIÓN FÍSICA--INFORMACIÓN GENERAL
campo de control de longitud fija t|
008 - DATOS DE LONGITUD FIJA--INFORMACIÓN GENERAL
campo de control de longitud fija 980929s1998 sp ||||1| spa d
020 ## - NÚMERO INTERNACIONAL ESTÁNDAR DEL LIBRO
Número Internacional Estándar del Libro 84-88973-71-3
080 ## - NÚMERO DE LA CLASIFICACIÓN DECIMAL UNIVERSAL
Número de la Clasificación Decimal Universal 34 Castán Tobeñas, José
080 ## - NÚMERO DE LA CLASIFICACIÓN DECIMAL UNIVERSAL
Número de la Clasificación Decimal Universal 929 Castán Tobeñas, José
100 1# - ENTRADA PRINCIPAL--NOMBRE DE PERSONA
Nombre de persona García Cantero, Gabriel.
9 (RLIN) 54335
245 13 - MENCIÓN DEL TÍTULO
Título El maestro Castán /
Mención de responsabilidad, etc. Gabriel García Cantero.
260 ## - PUBLICACIÓN, DISTRIBUCIÓN, ETC.
Lugar de publicación, distribución, etc. Madrid :
Nombre del editor, distribuidor, etc. Colegio de Registradores de la Propiedad y Mercantiles de España,
Fecha de publicación, distribución, etc. [1998]
300 ## - DESCRIPCIÓN FÍSICA
Extensión 308 p. ;
Dimensiones 20 cm.
490 1# - MENCIÓN DE SERIE
Mención de serie Biblioteca del Seminario Jerónimo González
600 17 - PUNTO DE ACCESO ADICIONAL DE MATERIA--NOMBRE DE PERSONA
Nombre de persona Castán Tobeñas, José,
Fechas asociadas al nombre 1889-1969
Fuente del encabezamiento o término embne
9 (RLIN) 36392
710 2# - ENTRADA AGREGADA--NOMBRE DE ENTIDAD CORPORATIVA
Nombre de entidad corporativa o nombre de jurisdicción como elemento de entrada Colegio de Registradores de la Propiedad y Mercantiles de España.
9 (RLIN) 2938
830 0# - PUNTO DE ACCESO ADICIONAL DE SERIE-TÍTULO UNIFORME
Título uniforme Biblioteca del Seminario Jerónimo González
9 (RLIN) 179570
852 ## - LOCALIZACIÓN
Ubicación ES-MaACL
Número de control de estantería L-21420
Sublocalización o colección R.126765
Holdings
Estatus retirado Estado de pérdida Estado de daño No para préstamo Biblioteca de origen Biblioteca actual Ubicación en estantería Fecha de adquisición Fuente de adquisición Total de préstamos Signatura topográfica completa Código de barras Visto por última vez Precio de reemplazo Tipo de ítem Koha
        Biblioteca del Ateneo de Madrid Biblioteca del Ateneo de Madrid Depósito 2 17/01/2008     L-21420 1014344 23/02/2023 23/02/2023 Libro impreso